000 00854nam a2200253Ia 4500
003 OSt
005 20220927110007.0
006 a|||||r|||| 00| 0
007 ta
008 220926b |||||||| |||| 00| 0 eng d
024 _a100655
037 _cReference Collections
040 _aRTL
_cRTL
_beng
041 _2eng
_aeng
082 _a"XMp43,N66, L1"
111 _aConference On State And Cooperative Development (1966 : Bangkok)
_9375807
245 0 _aProceedings and report
_b State and Cooperative Development
260 _aBombay
_bAllied Publishers India
_c1971
300 _a"xiv,184p."
_ccm.
490 _a"International Cooperative Alliance Regional office And Education Centre For South-East Asia, Publication"
650 _aCooperation
942 _h"XMp43,N66, L1"
_cCC
999 _c695300
_d695300